| 000 | 00905cam a2200217 4500 | ||
|---|---|---|---|
| 001 | WB3824-15 | ||
| 008 | 020703n2002 000 0 eng u | ||
| 035 | _a(Sirsi) u118663 | ||
| 245 | 2 | _aA timely reminder | |
| 260 | _c2002 | ||
| 490 |
_aEstates Gazette _v(0226) 29 June 2002, 136(1) |
||
| 520 | _aDiscusses the recent CA case "Barclays Bank plc v Savile Estates Ltd" (2002) which considers a tenant's right to make time of the essence at rent review. It was found that rent review time limits can be express or implied, and that a tenant can issue a time of the essence notice after a 'reasonable period'. | ||
| 590 | _aWB | ||
| 650 | _aRENT REVIEW | ||
| 650 | _aTIME LIMITS | ||
| 650 | _aTIME OF THE ESSENCE | ||
| 650 | _aBARCLAYS BANK PLC V SAVILE ESTATES LTD | ||
| 650 | _aAMHERST V JAMES WALKER GOLDSMITH AND SILVERSMITHLTD | ||
| 690 | _aLANDLORD AND TENANT-RENT REVIEWS | ||
| 942 | _n0 | ||
| 999 |
_c70666 _d70666 |
||